| 000 | 01028nam a22002417a 4500 | ||
|---|---|---|---|
| 003 | OSt | ||
| 005 | 20250911172247.0 | ||
| 008 | 240206b ||||| |||| 00| 0 eng d | ||
| 040 | _c0 | ||
| 082 | _aDPer 621.381 In821 April 2022 v. 37 n. 4 | ||
| 100 |
_aWang, Kangping. _eauthor. _951481 |
||
| 245 |
_aCurrent detection and control of synchronous rectifier in high-frequency LLC resonant converter / _cKangping Wang, Gaohao Wei, Jiwen Wei, Jiarui Wu, Laili Wang, Xu Yang. |
||
| 260 |
_aNew York ; _bThe Institute of Electrical and Electronics Engineers, Inc. , _cApril 2022. |
||
| 300 |
_aVolume 37, pages 3691-3696 : _billustration ; _c28 cm. |
||
| 500 | _aIEEE Transactions on Power Electronics, vol. 37, no. 4, pages 3691-3696, April 2022. | ||
| 700 |
_aWang, Kangping. _eauthor. _951481 |
||
| 700 |
_aWei, Gaohao. _eauthor. _951482 |
||
| 700 |
_aWei, Jiwen. _eauthor. _951483 |
||
| 700 |
_aWu, Jiarui. _eauthor. _951484 |
||
| 700 |
_aWang,Laili. _eauthor. _951485 |
||
| 700 |
_aYang, Xu. _eauthor. _951486 |
||
| 942 |
_2ddc _cPER |
||
| 999 |
_c18927 _d18927 |
||